MARC

LEADER 00000nam0a2200000 4500
001 32096
005 20231030204736.0
010 |a 5247022750 
035 |a (RuTPU)RU\TPU\book\32391 
035 |a BOOK00000032 
090 |a 32096 
100 |a 20011210d1992 k y0rusy50 ca 
101 0 |a rus 
102 |a RU 
105 |a a z 001zy 
200 1 |a Долговечность шарошечных долот  |f Н. А. Жидовцев [и др.] 
210 |a Москва  |c Недра  |d 1992 
215 |a 266 с.  |c ил. 
320 |a Библиогр.: с. 262-263. 
610 1 |a горное дело 
610 1 |a шарошечные долота 
610 1 |a эксплуатация 
610 1 |a долговечность 
610 1 |a надежность 
610 1 |a материалы 
675 |a 622.24.051  |v 3 
701 1 |a Жидовцев  |b Н. А. 
701 1 |a Кершенбаум  |b В. Я. 
701 1 |a Гинзбург  |b Э. С. 
701 1 |a Бикбулатов  |b И. К. 
801 0 |a RU  |b 63413507  |c 20011210  |g PSBO 
801 2 |a RU  |b 63413507  |c 20160517  |g PSBO 
900 |a Физика разрушения горных пород 
942 |c BK